| 000 | 00575nam a2200193 4500 | ||
|---|---|---|---|
| 001 | 2726 | ||
| 005 | 20230207133506.0 | ||
| 008 | 230207b |||||||| |||| 00| 0 eng d | ||
| 020 | 0 | 0 | _a8121920418 |
| 090 | 0 | 0 | _a657.45 T163h 2012 |
| 100 | 0 | 0 | _aTandon. B. N |
| 245 | 0 | 0 |
_aHandbook of practical auditing / _cB. N. Tandon, S. Sudharsanam and S. Sundarabahu. |
| 260 | 0 | 0 |
_aDelhi : _bS. Chand & Company Ltd, _c2012. |
| 300 | 0 | 0 | _a653 p. |
| 650 | 0 | 0 | _aAuditing --Standards. |
| 650 | 0 | 0 | _aAuditing. |
| 650 | 0 | 0 | _aInternational business enterprises --Auditing. |
| 942 |
_2ddc _cMAIN |
||
| 999 |
_c2185 _d2185 |
||